• 首页
  • 本馆介绍
  • 公告通知
  • 最新文献
  • 馆藏检索
  • 电子资源
  • 读者导购
  • 参考咨询
  • 我的图书馆
  • 登录
  • 详细信息显示
  • 放入我的书架
  • 预约/预借图书
  • 作者相关作品
  • 分类相关作品
  • 丛书相关作品
  • 出版社相关作品

书目信息

  • 表格格式
  • 工作单格式
  • 卡片格式
题名:
逻辑思维提高训练营
    
 
作者: 周婷 主编
分册:  
出版信息: 北京   中国法制出版社  2020
页数: 14,333页
开本: 21cm
丛书名:
单 册:
中图分类: B812.2
科图分类:
主题词: 逻辑思维--思维方法--训练
电子资源:
ISBN: 978-7-5216-0817-5
000 00833nam0 2200229 450
001 2069565555
005 20201127191943.14
010    @a978-7-5216-0817-5@dCNY39.80
100    @a20200710d2020 em y0chiy50 ea
101 0  @achi
102    @aCN@b110000
105    @aa z 000yy
200 1  @a逻辑思维提高训练营@9luo ji si wei ti gao xun lian ying@b专著@e直达谜底的278个逻辑谜题@f周婷主编
210    @a北京@c中国法制出版社@d2020
215    @a14,333页@c图@d21cm
330    @a本书汇集400个逻辑推理谜题,以烧脑益智的形式帮助读者了解逻辑推理过程,让读者在题目中充分体验解题乐趣,锻炼逻辑思维能力。
517 1  @a直达谜底的278个逻辑谜题@9zhi da mi di de 278 ge luo ji mi ti
606 0  @a逻辑思维@x思维方法@x训练
690    @aB812.2@v5
701  0 @a周婷@9zhou ting@4主编
801  2 @aCN@b58marc.cn@c20200717
905    @aZUCC@dB812.2@e3
    
    逻辑思维提高训练营:直达谜底的278个逻辑谜题/周婷主编.-北京:中国法制出版社,2020
    14,333页:图;21cm
    
    
    ISBN 978-7-5216-0817-5:CNY39.80
    本书汇集400个逻辑推理谜题,以烧脑益智的形式帮助读者了解逻辑推理过程,让读者在题目中充分体验解题乐趣,锻炼逻辑思维能力。
●
相关链接 在五车中查询图书 在当当中查询图书 在豆瓣中查询图书


正题名:逻辑思维提高训练营     索取号:B812.2/3         预约/预借

序号 登录号 条形码 馆藏地/架位号 状态 备注
1 871101   2000871101   第二书库/ [索取号:B812.2/3] 在馆    
2 871102   2000871102   第二书库/ [索取号:B812.2/3] 在馆    
3 871103   2000871103   第二书库/ [索取号:B812.2/3] 在馆    
山东省滨州职业学院图书馆 欢迎您!
大连网信软件有限公司© 版权所有